000 00340nam a22001457a 4500
008 230622b ||||| |||| 00| 0 eng d
020 _a9781557983466
041 _aeng
080 _a159.9
082 _a159.9BYR
100 _a25
101 _aPSI
245 _aMEASURING SELF CONCEPT ACROSS THE LIFE SPAN
_cBYRNE .M.B
942 _2udc
_cBK
999 _c60017
_d60017